| 000 | 00566nam a2200181Ia 4500 | ||
|---|---|---|---|
| 008 | 100917s9999 xx 000 0 und d | ||
| 082 | _b45238 | ||
| 100 | _aरानडे शोभना - अनु. | ||
| 245 | _aकाठ नि बारी घाट | ||
| 260 |
_bनॅशनल बुक ट्रस्ट _c1975 |
||
| 300 | _a135 | ||
| 365 | _b8.75 | ||
| 520 | _aकादंबरी | ||
| 630 | _aकाठ नि बारी घाट | ||
| 650 | _aकादंबरी | ||
| 730 | _aकाठ नि बारी घाट | ||
| 942 | _cBOOK | ||
| 999 |
_c650632 _d650629 |
||